00704nam a2200241 a 4500001001300000003000900013005001700022008004100039020001000080082001700090100002600107245002500133260004200158300000900200500003500209505002400244650001800268700002600286902000800312942000700320952011800327999001700445nice12345678IN_TiNIC20260116013515.0050524s1972 dela grp 000 0 eng  ac60000a294.535bSAR aSarma, M Radhakrishna aTemples of Telingana aDelhibMunshiram Manoharlal Pubc1972 a307p aincludes index and biblioraphy2 aBibliography, Index aHindu Shrines1 aSarma, M Radhakrishna bSRS cBK 001040708StackRoom-aHMIbHMId2007-07-23g600.00l0o294.535 SARp018199r2007-07-23v600.00w2005-05-24yBK c11259d11259